01485 a2200229 45000010006000000050017000060080041000230030015000640400040000790800038001192450053001570200018002102640055002283000019002835050730003020410008010321000016010407000019010567000021010757000021010967000138011173663420260407155640.0260407a2001 arg spa dAR-UNSa-BCEJYS aAR-UNSa-BCEJYSbspacAR-UNSa-BCEJYS a336.74xMoneda. Sistema monetario10aPolítica de tasa de cambio en América Latina a950-694-645-0 1aBuenos Aires :bGrupo Editor Latinoamericanoc2001 a217 p.c23 cm. a1. Introducción: debates, desempeño y la política de elegir políticas / Carol Wise - 2. Régimen y política de tasa de cambio: un panorama / W. Max Corden - 3. El colapso del peso mexicano: causas, consecuencias y retorno a una situación mejor / Timothy Kessler - 4. La crisis de la moneda brasileña: el paso de un anclaje de tasa de cambio a un régimen flexible / Eliana Cardoso - 5. La convertibilidad en la Argentina: ¿los lazos que obligan? / Carol Wise - 6. Estados rezagados en las reformas y la cuestión de la devaluación: la respuesta de Venezuela a las conmociones exógeneas de 1997-98 / Javier Corrales - 7. La política de manejo de la tasa de cambio en la década de 1990 / Riordan Roett aspa1 aWise, Carol1 aRoett, Riordan1 aPiña, Cristina1 aCarrier, Enrique1 aArgentina. Ministerio de Relaciones Exteriores, Comercio Internacional y Culto. Instituto del Servicio Exterior de la Nación (ISEN)